Sams teach yourself Visual Basic 6 in 21days / (Record no. 3101)

MARC details
000 -LEADER
fixed length control field 00630cam a22002052 4500
001 - CONTROL NUMBER
control field 0000006306
005 - DATE AND TIME OF LATEST TRANSACTION
control field 20151217145832.0
008 - FIXED-LENGTH DATA ELEMENTS--GENERAL INFORMATION
fixed length control field 071016s xx 000 0 eng d
020 ## - INTERNATIONAL STANDARD BOOK NUMBER
International Standard Book Number 8176351504 :
Terms of availability KES
040 ## - CATALOGING SOURCE
Original cataloging agency KABU
Transcribing agency KABU
100 1# - MAIN ENTRY--PERSONAL NAME
Personal name Perry, Greg.
-- 0000157728
245 10 - TITLE STATEMENT
Title Sams teach yourself Visual Basic 6 in 21days /
Statement of responsibility, etc. Greg Perry.
260 ## - PUBLICATION, DISTRIBUTION, ETC. (IMPRINT)
Place of publication, distribution, etc. New Delhi :
Name of publisher, distributor, etc. Techmedia,
Date of publication, distribution, etc. 1998.
300 ## - PHYSICAL DESCRIPTION
Extent xvii, 851 p.
650 #0 - SUBJECT ADDED ENTRY--TOPICAL TERM
Topical term or geographic name as entry element Microsoft Visual BASIC.
-- 0000154360
650 #0 - SUBJECT ADDED ENTRY--TOPICAL TERM
Topical term or geographic name as entry element BASIC (Computer program language)
-- 0000072309
908 ## - PUT COMMAND PARAMETER (RLIN)
Put command parameter 071016
950 ## - LOCAL HOLDINGS (RLIN)
-- 1
Holdings
Withdrawn status Lost status Source of classification or shelving scheme Not for loan Home library Current library Date acquired Total Checkouts Full call number Barcode Date last seen Date last checked out Price effective from Koha item type
    Library of Congress Classification   Kabarak, Main Campus Kabarak, Main Campus 17/12/2015 2 QA76.73 .B3P47 002167 01/12/2018 22/10/2018 17/12/2015 General Collection
Designed with assistance from East African Informatics Ltd